UBT Library

Përdorimi i praktikave të prokurimit elektronik në Evropën Juglindore për Kosovën (Record no. 46283)

000 -LEADER
fixed length control field 00330nam a22001217a 4500
008 - FIXED-LENGTH DATA ELEMENTS--GENERAL INFORMATION
fixed length control field 180604b xxu||||| |||| 00| 0 eng d
041 ## - LANGUAGE CODE
Language code of text/sound track or separate title eng
080 ## - UNIVERSAL DECIMAL CLASSIFICATION NUMBER
Universal Decimal Classification number 043.3
100 ## - Rafti
Rafti 0
101 ## - Shkurtesa
Shkurtesa MBE-MTH
245 ## - TITLE STATEMENT
Title Përdorimi i praktikave të prokurimit elektronik në Evropën Juglindore për Kosovën
Statement of responsibility, etc Sadiku,N
942 ## - ADDED ENTRY ELEMENTS (KOHA)
Source of classification or shelving scheme
Item type Books
Holdings
Withdrawn status Lost status Source of classification or shelving scheme Damaged status Not for loan Collection code Permanent location Current location Shelving location Date acquired Total Checkouts Full call number Barcode Date last seen Price effective from Koha item type
          Koleksioni i përgjithshem UBT - Lipjan UBT - Lipjan Disertacionet 06/04/2018   043.3 Sadiku,N 2012 002-3009321 06/04/2018 06/04/2018 Books
UBT Library © 2015-2024. All rights reserved University Education for Business and Technology